000 00327nam a2200133Ia 4500
008 240624s9999 xx 000 0 und d
041 _aeng
082 _a658.84 KAL
100 _aKALAKOTA RAVI
245 _aFRONTIERS OF ELECTRONIC COMMERCE
260 _c2004
_aNew Delhi
_bPearson Education
300 _axiv, : 850
365 _cRS
999 _c277
_d277